banner-ar

A PICTURE BOOK OF ENGLISH EMBROIDERIES PART 2 STUART / (Record no. 21162)

MARC details
000 -الفاتح
حقل البيانات ثابتة الطول 00577nam a2200217Ia 4500
008 - عناصر البيانات ثابتة الطول - معلومات عامة
حقل البيانات ثابتة الطول 140319s9999 xx 000 0 eng d
040 ## - مصدر الفهرسة
وكالة الفهرسة الأصلية GCL /
وكالة النسخ GCL
082 04 - رقم تصنيف ديوى العشرى
رقم التصنيف 708
رقم المادة BP
100 1# - المدخل الرئيسى - إسم شخصى
الإسم الشخصى BOARD OF EDUCATION
245 10 - بيان العنوان
العنوان A PICTURE BOOK OF ENGLISH EMBROIDERIES PART 2 STUART /
بيان المسئوليه,etc BOARD OF EDUCATION
300 ## - الوصف المادى
التعداد 20
490 ## - بيان السلسلة
عنوان السلسلة VICTORIA AND ALBERT MUSAUM
رقم المجلد/ التعيين التسلسلي 0
650 04 - المدخل الاضافى بالموضوع-مصطلح موضوعى
مصطلح موضوعي حسن فتحى
650 04 - المدخل الاضافى بالموضوع-مصطلح موضوعى
مصطلح موضوعي NEDDLE WORKS
650 04 - المدخل الاضافى بالموضوع-مصطلح موضوعى
مصطلح موضوعي PAINTING
650 04 - المدخل الاضافى بالموضوع-مصطلح موضوعى
مصطلح موضوعي POTTERY
650 04 - المدخل الاضافى بالموضوع-مصطلح موضوعى
مصطلح موضوعي ART - HISTORY
942 ## - عناصر المدخل الإضافي( كوها)
مصدر التصنيف او مخطط الترفيف Dewey Decimal Classification
Koha [default] item type كتاب
260 ## - PUBLICATION, DISTRIBUTION, ETC. (IMPRINT)
-- [S.N] :
-- BOARD OF EDUCATION
Holdings
حالة التراجع حالة الفقد حالة تلف ليس للاعارة المكان المؤقت الموقع الحالى تاريخ الاكتساب اجمالي اﻻعارات رقم الطلب الباركود تاريخ اخر مشاهدة تاريخ تفعيل السعر نوع وعاء كوها
        مكتبة القاهرة الكبرى مكتبة القاهرة الكبرى 03/26/2014   708\BP 39281 03/26/2014 03/26/2014 كتاب

Powered By

EGPV